Statistiken für Gesteine nach Bild

Klicken Sie hier um das Quiz zu spielen!

Allgemein

  • Dieses Quiz wurde 50 mal gespielt
  • Das Durchschnittsergebnis liegt bei 5 aus 38

Antwortstatistiken

Antwort% Korrekt
Granit
94%
Obsidian
64%
Basalt
45%
Marmor
30%
Sandstein
27%
Gabbro
24%
Steinkohle
24%
Braunkohle
21%
Gneis
21%
Kalkstein
21%
Konglomerat
18%
Kreide
18%
Brekzie
12%
Diorit
12%
Gips
12%
Lava
12%
Steinsalz
12%
Bimsstein
9%
Muschelkalk
9%
Porphyr
9%
Glimmerschiefer
6%
Granodiorit
6%
Grünschiefer
6%
Dolomit
3%
Granulit
3%
Syenit
3%
Tonschiefer
3%
Torf
3%
Fruchtschiefer
0%
Gneisglimmerschiefer
0%
Kalisalz
0%
Molasse
0%
Phonolith
0%
Phyllit
0%
Quarzit
0%
Schieferton
0%
Sericitgneis
0%
Tuff
0%

Verteilung der Resultate

Perzentil nach korrekt beantworteten Fragen

Anzahl Personen mit jedem Resultat

Ihre Resultats-Entwicklung

Sie haben dieses Quiz noch nicht gespielt